Statistics for Extreme Marvel Characters by Picture

Click here to take the quiz!

General Stats

  • This quiz has been taken 23 times
  • The average score is 129 of 500

Answer Stats

Answer% Correct
Daredevil
95%
Deadpool
95%
Captain Marvel
89%
Ego
89%
Howard the Duck
89%
Moon Knight
84%
Star-Lord
84%
Beast
79%
Cosmo
79%
Kraven the Hunter
79%
Nick Fury
79%
Sandman
79%
She-Hulk
79%
Spider-Man
79%
Black Bolt
74%
Electro
74%
Groot
74%
Iceman
74%
Nightcrawler
74%
Scorpion
74%
Thing
74%
Angel
68%
Miles Morales
68%
Mysterio
68%
Blob
63%
Colossus
63%
Elektra
63%
Hela
63%
Luke Cage
63%
Red Hulk
63%
Scarlet Witch
63%
Thor
63%
Vulture
63%
Warmachine
63%
Black Panther
58%
Carnage
58%
Destroyer
58%
Doctor Doom
58%
Doctor Octopus
58%
Doctor Strange
58%
Falcon
58%
Gambit
58%
Green Goblin
58%
Hawkeye
58%
Hulk
58%
Human Torch
58%
Invisible Woman
58%
Ironfist
58%
Jean Grey
58%
Kingpin
58%
Loki
58%
Mister Fantastic
58%
Mystique
58%
Punisher
58%
Red Skull
58%
Rhino
58%
Rocket Raccoon
58%
Silver Surfer
58%
Squirrel Girl
58%
Thanos
58%
Venom
58%
Wolverine
58%
Abomination
53%
Ant Man
53%
Black Cat
53%
Black Widow
53%
Bullseye
53%
Crossbones
53%
Cyclops
53%
Fin Fang Foom
53%
Galactus
53%
Ghost rider
53%
Ghost-Spider
53%
Gwenpool
53%
Hobgoblin
53%
Ironmonger
53%
Jubilee
53%
Juggernaut
53%
Kate Bishop
53%
Leader
53%
Lizard
53%
Lockjaw
53%
Magneto
53%
Man-Thing
53%
Maria Hill
53%
MODOK
53%
Ms. Marvel
53%
Nebula
53%
Quicksilver
53%
Shocker
53%
Ultron
53%
Vision
53%
Wasp
53%
Winter Soldier
53%
Yondu
53%
8-Ball
47%
Baron Zemo
47%
Beta Ray Bill
47%
Captain Britain
47%
Domino
47%
Dormammu
47%
Egghead
47%
Hammerhead
47%
J. Jonah Jameson
47%
Kang
47%
Maestro
47%
Medusa
47%
Mister Negative
47%
Morbius
47%
Namor
47%
Nova
47%
Odin
47%
Professor X
47%
Prowler
47%
Proxima Midnight
47%
Quake
47%
Rogue
47%
Spider-Ham
47%
Tombstone
47%
Ulysses Klaw
47%
US Agent
47%
White Tiger
47%
Absorbing Man
42%
Arnim Zola
42%
Drax the Destroyer
42%
Iron Man
42%
Iron Patriot
42%
Red Guardian
42%
Rescue
42%
Spider-Woman
42%
Storm
42%
Superskrull
42%
Throg
42%
Adam Warlock
37%
Agatha Harkness
37%
Apocalypse
37%
Aunt May
37%
Blade
37%
Cable
37%
Ebony Maw
37%
Emma Frost
37%
Forge
37%
Heimdall
37%
Hercules
37%
Ironheart
37%
Mephisto
37%
Merlin
37%
Moondragon
37%
Psylocke
37%
Pyro
37%
Sentry
37%
Speed
37%
Stilt Man
37%
The Spot
37%
Union Jack
37%
Wiccan
37%
Wonderman
37%
Agent Coulson
32%
Ares
32%
Azazel
32%
Baron von Strucker
32%
Beetle
32%
Bishop
32%
Black Knight
32%
Dagger
32%
Devil Dinosaur
32%
Gamora
32%
Grey Goblin
32%
Hulkling
32%
Jessica Jones
32%
Kitty Pryde
32%
Mandarin
32%
Mister Sinister
32%
Mojo
32%
Puck
32%
Ronan the Accuser
32%
Shang-Chi
32%
Silver Sable
32%
Supreme Intelligence
32%
Wong
32%
X-23
32%
Banshee
26%
Batroc the Leaper
26%
Blue Marvel
26%
Corvus Glaive
26%
Crimson Dynamo
26%
Dazzler
26%
Enchantress
26%
Fandral
26%
Fenrir
26%
Firestar
26%
Frog-Man
26%
Grim Reaper
26%
Havok
26%
Hyperion
26%
Ironlad
26%
Jackal
26%
King Cobra
26%
Mantis
26%
Moon Girl
26%
Patriot
26%
Polaris
26%
Sabretooth
26%
Sasquatch
26%
Sauron
26%
Sif
26%
Skurge the Executioner
26%
White Rabbit
26%
Yellowjacket
26%
Annihilus
21%
Arcade
21%
Armor
21%
Big Wheel
21%
Chameleon
21%
Crystal
21%
Cull Obsidian
21%
Dark Beast
21%
Darkhawk
21%
Demolition Man
21%
Dust
21%
Elsa Bloodstone
21%
Foggy Nelson
21%
Guardian
21%
Hogun
21%
Hydroman
21%
Kazar
21%
Korg
21%
Longshot
21%
Lylla
21%
Magik
21%
Man-Ape
21%
Mimic
21%
Multiple Man
21%
Radioactive Man
21%
Scarecrow
21%
Sebastian Shaw
21%
Silk
21%
Spectrum
21%
Sunfire
21%
Swarm
21%
Swordsman
21%
Two-Gun Kid
21%
Viper
21%
Wendigo
21%
Whirlwind
21%
Wizard
21%
Zzax
21%
Agent 13
16%
Avalanche
16%
Blackheart
16%
Blink
16%
Blizzard
16%
Boomerang
16%
Brother Voodoo
16%
Cannonball
16%
Charlie-27
16%
Deathlok
16%
Diamondback (Leighton)
16%
Diamondback (Stryker)
16%
Doc Samson
16%
Gladiator
16%
Gorr
16%
Graviton
16%
Grey Gargoyle
16%
Hatemonger
16%
High Evolutionary
16%
Hydra Bob
16%
Ikaris
16%
Kangaroo
16%
King Arthur
16%
Knull
16%
Laufey
16%
Leapfrog
16%
Living Totem
16%
Mad Thinker
16%
Miek
16%
Molecule Man
16%
Omega Red
16%
Reptil
16%
Speedball
16%
Starfox
16%
Stingray
16%
Stryfe
16%
Thunderball
16%
Thunderbird
16%
Thunderstrike
16%
Tigershark
16%
Typhoid Mary
16%
Valkyrie
16%
Volstagg
16%
Warlock
16%
Wrecker
16%
X-Men
16%
Angela
11%
Armadillo
11%
Atlas
11%
Aurora
11%
Balder
11%
Battlestar
11%
Big Bertha
11%
Blackout
11%
Blazing Skull
11%
Brood
11%
Bulldozer
11%
Callisto
11%
Clea
11%
Cloak
11%
Cloud 9
11%
Death
11%
Destiny
11%
Doorman
11%
Dum Dum Dugan
11%
Flagsmasher
11%
Forbush Man
11%
Glob Herman
11%
Goose
11%
Gorilla Man
11%
Holocaust
11%
Justice
11%
Kid Colt
11%
Korvac
11%
Lilandra
11%
Lockheed
11%
Madcap
11%
Madelyne Pryor
11%
Major Victory
11%
Mandrill
11%
Marrow
11%
Mister Hyde
11%
Morgana le Fay
11%
Nitro
11%
Nomad
11%
Orka
11%
Phantom Rider
11%
Piledriver
11%
Red Wolf
11%
Rockslide
11%
Shanna the She-Devil
11%
Siryn
11%
Songbird
11%
Spiral
11%
Steel Serpent
11%
Supergiant
11%
Toad
11%
Triton
11%
Turner D. Century
11%
Uncle Ben
11%
Ursa Major
11%
Vapor
11%
Wal Rus
11%
Warwolf
11%
Zabu
11%
Aardwolf
5%
Acrobat
5%
Aero
5%
Ahab
5%
Angar the Screamer
5%
Asp
5%
Attuma
5%
Awsome Android
5%
Barbarus
5%
Beak
5%
Black Abbott
5%
Blackjack O'Hare
5%
Black Mamba
5%
Black Tom Cassidy
5%
Bloke
5%
Bloodaxe
5%
Blur
5%
Boom-Boom
5%
Brother Nature
5%
Bug
5%
Butterfly
5%
Caliban
5%
Captain Barracuda
5%
Carrion
5%
Centaurion
5%
Changeling
5%
Chemistro
5%
Chernobog
5%
Ch'od
5%
Cobalt Man
5%
Constrictor
5%
Controller
5%
Corsair
5%
Cottonmouth
5%
Cypher
5%
Dark Roger
5%
Deathbird
5%
Debrii
5%
Doctor Bong
5%
Dog Logan
5%
Electron
5%
Empreror D'Ken
5%
Erik the Red
5%
Exodus
5%
Fancy Dan
5%
Fang
5%
Feral
5%
Flashfire
5%
Flintlock
5%
Garokk
5%
Gibbon
5%
Giganto
5%
Gorilla Girl
5%
Grotesk
5%
Hellcow
5%
Hepzibah
5%
Hussar
5%
Hypno Hustler
5%
Ironclad
5%
Judas Traveller
5%
Killmonger
5%
King Crab
5%
Koi Boi
5%
Korvus
5%
Krugarr
5%
Lady Deathstrike
5%
Le Beaver
5%
Leech
5%
Living Laser
5%
Looter
5%
Lord Dyvyne
5%
M-11
5%
Mad Jack
5%
Mainframe
5%
Mammomax
5%
Manta
5%
Manticore
5%
Marina
5%
Mastermind
5%
Master Mold
5%
Maximus
5%
Melter
5%
Mentor
5%
Midnight's Fire
5%
Mikhail Rasputin
5%
Miracle Man
5%
Mister Smile
5%
Mongoose
5%
Morph
5%
Neutron
5%
Nightside
5%
Night Thrasher
5%
Ninja
5%
Oracle
5%
Plant Man
5%
Pluto
5%
Powerbroker
5%
Prester John
5%
Princess Anelle
5%
Quicksand
5%
Random
5%
Ravage
5%
Rawhide Kid
5%
Raza Longknife
5%
Razorback
5%
Rek Rap
5%
Rom the Space Knight
5%
Sage
5%
Selene
5%
Seth
5%
Shadow King
5%
Shatterstar
5%
Shiver Man
5%
Sikorsky
5%
Silhouette
5%
Smasher
5%
Snowguard
5%
Squid
5%
Starbolt
5%
Stegron
5%
Strawman
5%
Strong Guy
5%
Sugar Man
5%
Swordmaster
5%
Talkback
5%
Texas Twister
5%
The Vagabond
5%
Titan
5%
Titania
5%
Tom Thumb
5%
Trapster
5%
Trevor Fitzroy
5%
Two-Legged-Rat
5%
Tyr
5%
Unus the Untouchable
5%
Vagabond
5%
Vanisher
5%
Vector
5%
Vermin
5%
Volga Belle
5%
Vulcan
5%
Walrus
5%
Warpath
5%
Warstar
5%
Wave
5%
Wolfsbane
5%
X-Ray
5%
Zeus
5%

Score Distribution

Percentile by Number Answered

Percent of People with Each Score

Your Score History

You have not taken this quiz